000
00329 a2200157 4500
001
69235
020
_a
8530501365
040
_c
Anchieta - Itaigara
100
_a
Belinky, Tatiana
240
1
0
_a
Beijo, não !
_l
por
245
1
0
_a
Beijo, não !
300
_a
24
362
0
_a
1997
650
4
_a
Literatura infantil
942
_c
BK
999
_c
69235
_d
69235